000 00627nam a2200265Ia 4500
005 20260306163824.0
008 008 260114s9999 xx 000 0 eng d
020 _a9789888180837
037 _aEBOOK
040 _aCRL
040 _beng
040 _cCRL
041 _2eng
041 _aeng
084 _qCRL
100 _aMilner Davis, Chey
_91129432
245 0 _aHumour In Chinese Life And Culture
260 _bHong Kong University Press
260 _c2014
650 _aSocial Work
856 _uhttps://academic.oup.com/book/22007
942 _cEBOOK
999 _c1711630
_d1711630